1150 1688 1968 1624 1716 1727 1669 1473 1713 1736 1716 1551 1269 1943 1511 1334 1450 1000 1698 1412 1827 1945 1444 1673 1721 1009 1408 1269 1462 1011 1423 1633 1367 1289 1258 1478 1841 1580 1841 1442 1661 1999 1012 1746 1479 1446 1102 1775 1714 1534 1766 1057 1436 1893 1890 1838 1787 1619 1103 1274 1120 1484 1801 1692 1323 1486 1239 1696 1180 1952 1924 1621 1626 1511 1604 1312 1506 1949 1055 1821 1868 1467 1850 1782 1752 1100 1523 1386 1962 1879 1683 1291 1988 1496 1880 1420 1623 1854 1050 BCNSPRNW ULIB Ver.6.0+V

เปลี่ยนเป็นภาษาไทย

Change to English
 แสดงรายละเอียดบรรณานุกรม
  กลับหน้าหลัก

Brief Record : Get Marc (ISO 2709) : E-mail record : QR code < ปิดหน้าต่าง
LEADER : 00000nam 2200000uu 4500
001    13399113190
003     ULIB
008    111003s2550||||th 000 0 tha d
020    9748989887
050 04 QA101^bม115ค 2550
100 0  มงคล ทองสงคราม
245 10 คณิตศาสตร์พื้นฐาน = Introductory mathematics /^cมงคล ทองสงคราม
246 31 Introductory mathematics
250    พิมพ์ครั้งที่ 1(ฉบับปรับปรุง)
260    กรุงเทพฯ :^bรามาการพิมพ์,^c2550
300    [355] หน้า :^bภาพประกอบ
504    บรรณานุกรม: [355]
650  7 คณิตศาสตร์
945    ^p225^l0^i021324
945    ^p225^l0^i021325
945    ^p225^l0^i021326
995    ทศพร
999 ^a ทศพร
รายการนี้ยังไม่มีแท็ก
คุณยังไม่ได้ล็อกอิน คุณสามารถมีกิจกรรมร่วมกับเว็บไซต์ได้ แต่ต้องล็อกอินก่อน ::
  ล็อกอิน

รายการสื่อสารสนเทศ

ลำดับที่ ประเภท เลขเรียก/บาร์โค้ด สถานที่ สถานะ
- ไม่พบข้อมูล -

รายการใกล้เคียง
    ผู้แต่ง [มงคล ทองสงคราม]

    หัวเรื่อง [คณิตศาสตร์]

BibComment


ยังไม่เคยถูกคอมเมนท์

คอมเมนท์ทรัพยากรรายการนี้
  คอมเมนท์: คณิตศาสตร์พื้นฐาน..


 Copyright 2026. Bcnsprnw @Library